000 00582cam a22001934a 4500
005 20250605164154.0
008 250528s ||||||||||||||||||||||||d
035 _a19516
020 _a960209253
040 _aGR-AtMCL
_bgre
_dGR-AtMCL
_eAACR2
245 1 _aΟΙΚΟΝΟΜΙΚΗ / ΜΙΑ ΜΕΘΟΔΙΚΗ ΣΕΙΡΑ ΣΕΜΙΝΑΡΙΩΝ ΣΤΙΣ ΒΑΣΙΚΕΣ ΕΝΝΟΙΕΣ ΤΗΣ ΟΙΚΟΝΟΜΙΚΗΣ
250 _a2
260 _bΚλειδάριθμος,
_c1993
300 _a628
700 1 _aWessels Walter J
_94963
942 _cBK
999 _c4772
_d4772